=LDR 00000nam 2200000 4500 =001 INLIS000000000037486 =005 20130612143221 =008 ***********************************Ind** =035 ##$$0010-061300000037486 =041 ##$$a Ind =082 ##$$a 646.72 =090 ##$$a 646.72, Pri s =100 ##$$a Prihanto, Amelia =245 ##$$a Sang putri, Inspirasi Modern, Amelia Prihanto =260 ##$$a 21 cm $b Jakarta =300 ##$$a 115 hlm, Ilus, 21 cm =650 ##$$a Tata Rias - Pengantin =850 ##$$a NBPNMAT